Learning How to Fly Life Lessons For the Youth (Record no. 10497)
[ view plain ]
| 000 -LEADER | |
|---|---|
| fixed length control field | 00398nam a22001577a 4500 |
| 003 - CONTROL NUMBER IDENTIFIER | |
| control field | OSt |
| 008 - FIXED-LENGTH DATA ELEMENTS--GENERAL INFORMATION | |
| fixed length control field | 210223b ||||| |||| 00| 0 eng d |
| 020 ## - INTERNATIONAL STANDARD BOOK NUMBER | |
| International Standard Book Number | 9788129142153 |
| 100 ## - MAIN ENTRY--PERSONAL NAME | |
| Personal name | KALAM, A P J Abdul |
| 245 ## - TITLE STATEMENT | |
| Title | Learning How to Fly Life Lessons For the Youth |
| 250 ## - EDITION STATEMENT | |
| Edition statement | 14th |
| 260 ## - PUBLICATION, DISTRIBUTION, ETC. (IMPRINT) | |
| Place of publication, distribution, etc | New Delhi |
| Name of publisher, distributor, etc | Rupa Publication |
| Date of publication, distribution, etc | 2020 |
| 300 ## - PHYSICAL DESCRIPTION | |
| Extent | 163 |
| 650 ## - SUBJECT ADDED ENTRY--TOPICAL TERM | |
| Topical term or geographic name as entry element | General Books |
| 942 ## - ADDED ENTRY ELEMENTS (KOHA) | |
| Source of classification or shelving scheme | Dewey Decimal Classification |
| Koha item type | Text Books |
| Withdrawn status | Lost status | Source of classification or shelving scheme | Damaged status | Not for loan | Collection code | Home library | Current library | Date acquired | Source of acquisition | Currency | Cost, normal purchase price | Bill Number | Total Checkouts | Full call number | Acc. no. / Barcode | Date last seen | Date last borrowed | Actual Cost, discounted price | Bill Date | Koha item type | Public note | Checked out |
|---|---|---|---|---|---|---|---|---|---|---|---|---|---|---|---|---|---|---|---|---|---|---|
| Dewey Decimal Classification | IKS- Indian Knowledge System | PIET C-LIBRARY | PIET C-LIBRARY | 08/02/2021 | Kirti Prakashan | Indian Rup | 195.00 | IN1508 | 1 | 153.35 KAL | 32472 | 25/08/2025 | 13/01/2022 | 130.65 | 06/02/2021 | Text Books | ||||||
| Dewey Decimal Classification | IKS- Indian Knowledge System | PIET C-LIBRARY | PIET C-LIBRARY | 08/02/2021 | Kirti Prakashan | Indian Rup | 195.00 | IN1508 | 6 | 153.35 KAL | 32473 | 24/12/2025 | 19/03/2025 | 130.65 | 06/02/2021 | Text Books | Biography | |||||
| Dewey Decimal Classification | IKS- Indian Knowledge System | PIET C-LIBRARY | PIET C-LIBRARY | 08/02/2021 | Kirti Prakashan | Indian Rup | 195.00 | IN1508 | 2 | 153.35 KAL | 32474 | 13/01/2024 | 13/01/2024 | 130.65 | 06/02/2021 | Text Books | . | 11/07/2024 | ||||
| Dewey Decimal Classification | IKS- Indian Knowledge System | PIET C-LIBRARY | PIET C-LIBRARY | 08/02/2021 | Kirti Prakashan | Indian Rup | 195.00 | IN1508 | 2 | 153.35 KAL | 32475 | 13/01/2024 | 13/01/2024 | 130.65 | 06/02/2021 | Text Books | . | 11/07/2024 |